Planes de estudios / Escuela Elemental del Trabajo de la Diputación Provincial de Barcelona
Descripción Física:
53 p. ; 14 cm
MARC
| LEADER | 00000nam a2200000Ia 4500 | ||
|---|---|---|---|
| 001 | 23514 | ||
| 008 | 160829s1949 xx 000 0 cat d | ||
| 080 | |a E-1-402 | ||
| 100 | |a Escola Elemental del Treball (Barcelona) |9 55345 | ||
| 245 | |a Planes de estudios / Escuela Elemental del Trabajo de la Diputación Provincial de Barcelona | ||
| 260 | |a Barcelona : |b E.E.T. Artes Gráficas, |c 1949 | ||
| 300 | |a 53 p. ; |c 14 cm | ||
| 650 | |a Escola Elemental del Treball (Barcelona) | ||
| 650 | |a Currículums (Ensenyament) |9 48917 | ||
| 901 | |a Arxiu | ||
| 942 | |n 1 | ||
| 952 | |0 0 |1 0 |4 0 |6 E1402 |7 1 |9 54958 |a Arxiu |b Arxiu |d 2012-08-06 |l 0 |o E-1-402 |p 23514 |r 2016-12-01 00:00:00 |w 2016-12-01 |y ARXIU | ||
| 999 | |c 58828 |d 58828 | ||